000 00356nam a22001577a 4500
003 MPLRDC
005 20220104144319.0
008 210129b ||||| |||| 00| 0 eng d
082 _a524.917 XSSX
100 _a不详
245 _a初一新生数学辅助课本
_c
260 _a
_b不详
_c
300 _b
650 _a
942 _cBK
_o524.917 XSSX
999 _c48413
_d48403